000 00795nam a2200253Ia 4500
003 OSt
005 20221005035401.0
006 a|||||r|||| 00| 0
007 ta
008 221004b |||||||| |||| 00| 0 eng d
020 _a8178356589 (hbk)
_c720
024 _a91172
037 _b0023, 22/12/2008, Independent Publishers Group
_cTextual
040 _aCRL
_cCRL
_beng
041 _2eng
_aeng
082 _aW:5'P, P8
100 _aViswanathan V. N. Ed.
_9588233
245 0 _aHuman rights - twenty first century challenges
260 _aDelhi
_bKalpaz Publications India
_c2008
300 _a304p.
_ccm.
650 _aPOLITICAL SCIENCE
942 _hW:5'P, P8
_cTEXL
_2cc
999 _c945054
_d945054